000 00851nam a2200217 a 4500
001 000020106
005 20240305073653.0
008 100721s1972 dr c r 001 0 spa d
040 _aDO-SdBNP
_bspa
_cBNPHU
082 _a759.97293
_bR696p
100 1 _aRodríguez Demorizi, Emilio,
_d1908-1986
_91039
245 1 0 _aPintura y escultura en Santo Domingo /
_cEmilio Rodríguez Demorizi.
260 _aSanto Domingo :
_bLibrería hispaniola
_bEditora Santo Domingo,
_c1972.
300 _a264 p. :
_bretrs. ;
_c20 cm.
490 1 _aPensamiento Dominicano
_v49
500 _aIncluye índice de personas, lugares y materias.
504 _aIncluye referencias bibliográficas y notas al pie de las páginas.
650 4 _aPintura dominicana
_xHistoria
_942690
650 4 _aEscultura dominicana
_xHistoria
_942694
830 0 _aPensamiento Dominicano
_n49
_942695
999 _c19614
_d19614